[Event "EYCC 2024 - O16"]
[Site "?"]
[Date "2024.08.29"]
[Round "7.7"]
[White "Kassios, Dimitrios"]
[Black "Ostensen, Nicolai Maxime"]
[Result "1/2-1/2"]
[BlackElo "2292"]
[WhiteElo "2116"]
[LiveChessVersion "1.4.8"]

1. e4 {[%clk 1:30:57]} c5 {[%clk 1:30:26]} 2. Nf3 {[%clk 1:31:24]} Nc6
{[%clk 1:30:51]} 3. Bb5 {[%clk 1:31:51]} Nf6 {[%clk 1:30:55]} 4. Bxc6
{[%clk 1:31:45]} dxc6 {[%clk 1:31:20]} 5. d3 {[%clk 1:32:11]} g6 {[%clk 1:31:32]}
6. h3 {[%clk 1:32:31]} Bg7 {[%clk 1:31:57]} 7. Nc3 {[%clk 1:30:36]} O-O
{[%clk 1:32:21]} 8. Be3 {[%clk 1:30:59]} b6 {[%clk 1:32:46]} 9. Qd2
{[%clk 1:31:13]} e5 {[%clk 1:32:29]} 10. Bh6 {[%clk 1:29:10]} Qd6
{[%clk 1:32:47]} 11. Bxg7 {[%clk 1:28:29]} Kxg7 {[%clk 1:33:10]} 12. O-O
{[%clk 1:25:05]} Be6 {[%clk 1:31:11]} 13. b3 {[%clk 1:23:20]} Nh5
{[%clk 1:29:16]} 14. Qe3 {[%clk 1:21:55]} f6 {[%clk 1:28:31]} 15. Ne2
{[%clk 1:19:31]} Rae8 {[%clk 1:22:53]} 16. Nd2 {[%clk 1:17:55]} g5
{[%clk 1:22:09]} 17. Nc4 {[%clk 1:09:19]} Qc7 {[%clk 1:21:23]} 18. Qf3
{[%clk 1:07:51]} Kg6 {[%clk 1:14:17]} 19. Ne3 {[%clk 0:59:07]} Ng7
{[%clk 1:13:28]} 20. g4 {[%clk 0:52:54]} h5 {[%clk 1:11:35]} 21. Nf5
{[%clk 0:52:09]} Rh8 {[%clk 1:03:01]} 22. Kg2 {[%clk 0:47:11]} Kf7
{[%clk 0:57:59]} 23. Neg3 {[%clk 0:36:01]} Qd7 {[%clk 0:53:33]} 24. Qe3
{[%clk 0:34:46]} Bxf5 {[%clk 0:51:42]} 25. exf5 {[%clk 0:32:46]} hxg4
{[%clk 0:50:12]} 26. hxg4 {[%clk 0:33:05]} Rh4 {[%clk 0:50:15]} 27. f3
{[%clk 0:32:42]} Reh8 {[%clk 0:48:35]} 28. Rh1 {[%clk 0:33:04]} Ne8
{[%clk 0:46:52]} 29. Rxh4 {[%clk 0:26:24]} Rxh4 {[%clk 0:47:06]} 30. c3
{[%clk 0:26:19]} Nc7 {[%clk 0:46:25]} 31. Qe4 {[%clk 0:25:07]} Nd5
{[%clk 0:44:16]} 32. Ne2 {[%clk 0:25:08]} Qe8 {[%clk 0:41:46]} 33. Rh1
{[%clk 0:25:15]} Rxh1 {[%clk 0:40:13]} 34. Kxh1 {[%clk 0:25:40]} Qh8+
{[%clk 0:39:20]} 35. Kg2 {[%clk 0:26:03]} Qh4 {[%clk 0:38:27]} 36. c4
{[%clk 0:20:16]} Ne7 {[%clk 0:35:01]} 37. Ng3 {[%clk 0:20:09]} Qh8
{[%clk 0:34:51]} 38. Qe1 {[%clk 0:18:54]} Nc8 {[%clk 0:28:30]} 39. Ne4
{[%clk 0:18:12]} a5 {[%clk 0:27:46]} 40. a3 {[%clk 0:18:22]} Qd8 {[%clk 0:24:12]}
41. Qh1 {[%clk 0:18:09]} Kg7 {[%clk 0:24:19]} 42. Qh5 {[%clk 0:17:11]} Ne7
{[%clk 0:24:08]} 43. Nxf6 {[%clk 0:16:29]} Kxf6 {[%clk 0:22:55]} 44. Qh6+
{[%clk 0:16:52]} Kf7 {[%clk 0:23:05]} 45. Qe6+ {[%clk 0:12:41]} Kf8
{[%clk 0:19:35]} 46. Qh6+ {[%clk 0:11:39]} Ke8 {[%clk 0:16:43]} 47. f6
{[%clk 0:11:27]} Qxd3 {[%clk 0:15:03]} 48. fxe7 {[%clk 0:08:39]} 1/2-1/2

[Event "EYCC 2024 - O16"]
[Site "?"]
[Date "2024.08.29"]
[Round "7.8"]
[White "Breuil, Tristan"]
[Black "Georgiadis, Anastasios"]
[Result "1/2-1/2"]
[BlackElo "2171"]
[WhiteElo "2284"]
[LiveChessVersion "1.4.8"]

1. e4 {[%clk 1:30:14]} c5 {[%clk 1:30:23]} 2. Nf3 {[%clk 1:30:36]} Nc6
{[%clk 1:30:10]} 3. d4 cxd4 4. Nxd4 {[%clk 1:31:19]} Nf6 {[%clk 1:30:58]} 5. Nc3
{[%clk 1:31:44]} e5 {[%clk 1:31:22]} 6. Ndb5 {[%clk 1:31:50]} d6 {[%clk 1:31:33]}
7. Bg5 {[%clk 1:32:07]} a6 {[%clk 1:31:56]} 8. Na3 {[%clk 1:32:27]} b5
{[%clk 1:32:18]} 9. Nd5 {[%clk 1:32:47]} Be7 {[%clk 1:32:40]} 10. Bxf6
{[%clk 1:32:38]} Bxf6 {[%clk 1:33:07]} 11. c3 {[%clk 1:32:54]} Bg5
{[%clk 1:33:31]} 12. Nc2 {[%clk 1:33:21]} Ne7 {[%clk 1:33:48]} 13. Nxe7
{[%clk 1:13:08]} Qxe7 {[%clk 1:34:05]} 14. Nb4 {[%clk 1:00:19]} O-O
{[%clk 1:33:46]} 15. Nd5 {[%clk 0:56:43]} Qb7 {[%clk 1:33:30]} 16. h4
{[%clk 0:47:36]} Bh6 {[%clk 1:28:50]} 17. g4 {[%clk 0:37:20]} Bf4
{[%clk 1:28:57]} 18. Qf3 {[%clk 0:30:57]} Be6 {[%clk 1:16:18]} 19. Nxf4
{[%clk 0:27:25]} exf4 {[%clk 1:16:27]} 20. Bg2 {[%clk 0:27:28]} b4
{[%clk 1:12:05]} 21. Qxf4 {[%clk 0:22:52]} bxc3 {[%clk 1:12:05]} 22. bxc3
{[%clk 0:23:21]} Bc4 {[%clk 1:08:27]} 23. Qd2 {[%clk 0:17:52]} Rfe8
{[%clk 1:07:34]} 24. f3 {[%clk 0:08:43]} d5 {[%clk 1:07:33]} 25. Kf2
{[%clk 0:08:39]} dxe4 {[%clk 1:07:16]} 26. Kg3 {[%clk 0:06:58]} Rad8
{[%clk 0:50:52]} 27. Qf4 {[%clk 0:05:51]} Rd3 {[%clk 0:37:43]} 28. Rab1
{[%clk 0:05:15]} Qc8 {[%clk 0:27:19]} 29. Rhe1 {[%clk 0:01:45]} Bxa2
{[%clk 0:26:12]} 30. Rb4 {[%clk 0:00:43]} Bd5 {[%clk 0:15:27]} 31. Kh2
{[%clk 0:00:55]} e3 {[%clk 0:14:22]} 32. Bf1 {[%clk 0:01:24]} Rd2+
{[%clk 0:14:46]} 33. Kg3 {[%clk 0:01:42]} Rf2 {[%clk 0:06:47]} 34. Bg2
{[%clk 0:02:06]} Be6 {[%clk 0:05:30]} 1/2-1/2

[Event "EYCC 2024 - O16"]
[Site "?"]
[Date "2024.08.29"]
[Round "7.9"]
[White "Artemov, Andriy"]
[Black "Toktomushev, Teimur"]
[Result "1/2-1/2"]
[BlackElo "2279"]
[WhiteElo "2096"]
[LiveChessVersion "1.4.8"]

1. e4 {[%clk 1:30:58]} c5 {[%clk 1:30:51]} 2. Nf3 {[%clk 1:31:22]} e6
{[%clk 1:31:09]} 3. d4 {[%clk 1:31:46]} cxd4 {[%clk 1:31:27]} 4. Nxd4
{[%clk 1:32:09]} Nc6 {[%clk 1:31:41]} 5. Nc3 {[%clk 1:30:12]} Qc7
{[%clk 1:31:56]} 6. Be3 {[%clk 1:29:46]} a6 {[%clk 1:32:17]} 7. Qf3
{[%clk 1:29:25]} Ne5 {[%clk 1:32:34]} 8. Qg3 {[%clk 1:29:47]} b5 {[%clk 1:32:35]}
9. O-O-O {[%clk 1:26:26]} Nf6 {[%clk 1:32:20]} 10. Bxb5 {[%clk 1:19:37]} axb5
{[%clk 1:30:43]} 11. Ndxb5 {[%clk 1:19:59]} Qb8 {[%clk 1:30:47]} 12. Bf4
{[%clk 1:20:18]} d6 {[%clk 1:29:58]} 13. Rxd6 {[%clk 1:17:33]} Nh5
{[%clk 1:22:38]} 14. Qg5 {[%clk 1:17:39]} Bxd6 {[%clk 1:22:52]} 15. Nxd6+
{[%clk 1:18:01]} Qxd6 {[%clk 1:23:09]} 16. Bxe5 {[%clk 1:14:09]} Ra5
{[%clk 1:20:17]} 17. Nd5 {[%clk 1:13:18]} Qd7 {[%clk 1:01:51]} 18. Bxg7
{[%clk 0:57:59]} Rg8 {[%clk 0:53:15]} 19. Qxh5 {[%clk 0:57:51]} exd5
{[%clk 0:52:00]} 20. Qxh7 {[%clk 0:58:06]} Rxg7 {[%clk 0:51:56]} 21. Qxg7
{[%clk 0:58:25]} Rxa2 {[%clk 0:44:50]} 22. Qh8+ {[%clk 0:34:46]} Ke7
{[%clk 0:44:46]} 23. Qe5+ {[%clk 0:31:30]} Kf8 {[%clk 0:41:52]} 24. Qh8+
{[%clk 0:29:23]} Ke7 {[%clk 0:42:16]} 25. Qe5+ {[%clk 0:29:47]} 1/2-1/2

[Event "EYCC 2024 - O16"]
[Site "?"]
[Date "2024.08.29"]
[Round "7.10"]
[White "Lyakh, Vasiliy"]
[Black "Mattenberger, Matthias"]
[Result "1/2-1/2"]
[BlackElo "2257"]
[WhiteElo "2115"]
[LiveChessVersion "1.4.8"]

1. d4 {[%clk 1:28:51]} Nf6 {[%clk 1:30:42]} 2. c4 {[%clk 1:29:12]} g6
{[%clk 1:31:03]} 3. f3 {[%clk 1:29:21]} d5 {[%clk 1:31:23]} 4. cxd5
{[%clk 1:29:46]} Nxd5 {[%clk 1:31:47]} 5. e4 {[%clk 1:30:12]} Nb6
{[%clk 1:32:11]} 6. Nc3 {[%clk 1:30:36]} Bg7 {[%clk 1:32:24]} 7. Be3
{[%clk 1:31:00]} O-O {[%clk 1:32:21]} 8. Qd2 {[%clk 1:31:23]} Nc6
{[%clk 1:32:17]} 9. O-O-O {[%clk 1:31:45]} Qd6 {[%clk 1:32:32]} 10. Kb1
{[%clk 1:24:49]} Rd8 {[%clk 1:32:51]} 11. Nb5 {[%clk 1:25:15]} Qd7
{[%clk 1:33:13]} 12. d5 {[%clk 1:24:18]} a6 {[%clk 1:33:26]} 13. Nc3
{[%clk 1:24:47]} Qe8 {[%clk 1:33:46]} 14. Qc1 {[%clk 1:24:55]} Ne5
{[%clk 1:23:11]} 15. Bh6 {[%clk 1:18:56]} Qf8 {[%clk 1:14:54]} 16. Bxg7
{[%clk 1:13:23]} Qxg7 {[%clk 1:14:45]} 17. h4 {[%clk 1:09:41]} e6
{[%clk 1:08:43]} 18. Qg5 {[%clk 1:07:57]} Re8 {[%clk 0:55:41]} 19. f4
{[%clk 0:37:59]} Nec4 {[%clk 0:54:06]} 20. Bxc4 {[%clk 0:38:18]} Nxc4
{[%clk 0:54:23]} 21. dxe6 {[%clk 0:37:01]} Bxe6 {[%clk 0:53:35]} 22. Nge2
{[%clk 0:34:38]} b5 {[%clk 0:38:07]} 23. e5 {[%clk 0:31:56]} Ne3 {[%clk 0:34:42]}
24. Rd2 {[%clk 0:30:44]} Bf5+ {[%clk 0:34:24]} 25. Ka1 {[%clk 0:25:11]} b4
{[%clk 0:24:40]} 26. Nd5 {[%clk 0:25:07]} Nxd5 {[%clk 0:24:31]} 27. Rxd5
{[%clk 0:25:35]} h6 {[%clk 0:22:28]} 28. Qg3 {[%clk 0:26:00]} Rad8
{[%clk 0:21:33]} 29. Rhd1 {[%clk 0:26:01]} Rxd5 {[%clk 0:17:53]} 30. Rxd5
{[%clk 0:26:29]} f6 {[%clk 0:17:48]} 31. Qe3 {[%clk 0:19:00]} Qf7
{[%clk 0:13:06]} 32. Rc5 {[%clk 0:17:56]} Qe7 {[%clk 0:12:55]} 33. Qb3+
{[%clk 0:14:15]} Be6 {[%clk 0:11:03]} 34. Qc2 {[%clk 0:13:38]} Bf5
{[%clk 0:10:32]} 35. Qc4+ {[%clk 0:13:43]} Be6 {[%clk 0:10:55]} 36. Qc2
{[%clk 0:07:57]} Bf5 {[%clk 0:11:17]} 37. Qc4+ {[%clk 0:06:21]} 1/2-1/2

[Event "EYCC 2024 - O16"]
[Site "?"]
[Date "2024.08.29"]
[Round "7.11"]
[White "Antoniou, Rafail"]
[Black "Gut, Lionel"]
[Result "1/2-1/2"]
[BlackElo "2252"]
[WhiteElo "2007"]
[LiveChessVersion "1.4.8"]

1. c4 {[%clk 1:30:44]} Nf6 {[%clk 1:30:55]} 2. Nf3 {[%clk 1:31:07]} g6
{[%clk 1:31:22]} 3. Nc3 {[%clk 1:31:32]} d5 {[%clk 1:31:50]} 4. cxd5
{[%clk 1:31:56]} Nxd5 {[%clk 1:32:18]} 5. e4 {[%clk 1:32:19]} Nxc3
{[%clk 1:32:43]} 6. bxc3 {[%clk 1:32:47]} Bg7 {[%clk 1:33:06]} 7. d4
{[%clk 1:33:13]} c5 {[%clk 1:31:05]} 8. Bb5+ {[%clk 1:33:25]} Nc6
{[%clk 1:31:31]} 9. O-O {[%clk 1:33:36]} O-O {[%clk 1:31:54]} 10. Bxc6
{[%clk 1:33:54]} bxc6 {[%clk 1:32:20]} 11. Qc2 {[%clk 1:34:16]} Qa5
{[%clk 1:22:36]} 12. a4 cxd4 {[%clk 1:14:03]} 13. cxd4 {[%clk 1:34:07]} Bg4
{[%clk 1:10:55]} 14. Ne5 {[%clk 1:34:11]} Bxe5 {[%clk 1:10:34]} 15. dxe5
{[%clk 1:34:34]} Qxe5 {[%clk 1:07:09]} 16. Bb2 {[%clk 1:34:29]} Qa5
{[%clk 1:03:00]} 17. Qxc6 {[%clk 1:26:49]} Rfc8 {[%clk 1:02:53]} 18. Qd5
{[%clk 1:26:03]} Qxd5 {[%clk 1:03:08]} 19. exd5 {[%clk 1:26:31]} Rd8
{[%clk 0:58:01]} 20. Rfe1 {[%clk 1:19:44]} Rxd5 1/2-1/2

[Event "EYCC 2024 - O16"]
[Site "?"]
[Date "2024.08.29"]
[Round "7.12"]
[White "Juhanak, Daniel"]
[Black "Elias, David"]
[Result "1/2-1/2"]
[BlackElo "2246"]
[WhiteElo "2047"]
[LiveChessVersion "1.4.8"]

1. e4 {[%clk 1:30:52]} c5 {[%clk 1:30:55]} 2. Nf3 {[%clk 1:31:13]} d6
{[%clk 1:31:21]} 3. d4 {[%clk 1:31:30]} cxd4 {[%clk 1:31:48]} 4. Nxd4
{[%clk 1:31:50]} Nf6 {[%clk 1:32:15]} 5. Nc3 {[%clk 1:32:14]} Nc6
{[%clk 1:32:42]} 6. Bg5 {[%clk 1:31:06]} e6 {[%clk 1:32:32]} 7. Qd2
{[%clk 1:31:04]} a6 {[%clk 1:32:42]} 8. O-O-O {[%clk 1:30:53]} Bd7
{[%clk 1:33:02]} 9. f3 {[%clk 1:30:38]} Nxd4 {[%clk 1:30:49]} 10. Qxd4
{[%clk 1:30:04]} b5 {[%clk 1:31:06]} 11. Be3 {[%clk 1:12:23]} Qc7
{[%clk 1:18:33]} 12. g4 {[%clk 1:05:19]} Bc6 {[%clk 1:18:53]} 13. g5
{[%clk 1:03:17]} Nd7 {[%clk 1:19:17]} 14. Kb1 {[%clk 0:55:22]} Rb8
{[%clk 1:17:05]} 15. h4 {[%clk 0:53:04]} a5 {[%clk 1:03:09]} 16. h5
{[%clk 0:47:40]} b4 {[%clk 0:42:48]} 17. Ne2 {[%clk 0:45:26]} Ba4
{[%clk 0:37:25]} 18. Qd2 {[%clk 0:24:41]} Bb5 {[%clk 0:25:47]} 19. Nd4
{[%clk 0:16:37]} Bxf1 {[%clk 0:26:13]} 20. Rhxf1 {[%clk 0:16:35]} Nc5
{[%clk 0:26:05]} 21. Nb3 {[%clk 0:09:18]} Be7 {[%clk 0:17:36]} 22. g6
{[%clk 0:05:49]} hxg6 {[%clk 0:11:06]} 23. hxg6 {[%clk 0:05:56]} f6
{[%clk 0:09:11]} 24. Nxc5 {[%clk 0:03:55]} dxc5 {[%clk 0:09:32]} 25. Bf4
{[%clk 0:03:56]} e5 {[%clk 0:09:39]} 26. Qd5 {[%clk 0:03:27]} Rf8
{[%clk 0:09:03]} 27. Be3 {[%clk 0:02:50]} Rd8 {[%clk 0:08:47]} 28. Qc4
{[%clk 0:02:28]} Qc6 {[%clk 0:03:33]} 29. Kc1 {[%clk 0:00:34]} Rd7
{[%clk 0:03:17]} 30. Rxd7 {[%clk 0:00:38]} Kxd7 {[%clk 0:03:42]} 31. Rd1+
{[%clk 0:00:35]} 1/2-1/2

[Event "EYCC 2024 - O16"]
[Site "?"]
[Date "2024.08.29"]
[Round "7.13"]
[White "Govoreanu, Matei"]
[Black "Sapocinic, Semion"]
[Result "1/2-1/2"]
[BlackElo "2213"]
[WhiteElo "2042"]
[LiveChessVersion "1.4.8"]

1. e4 {[%clk 1:30:49]} e5 {[%clk 1:30:56]} 2. Nf3 {[%clk 1:31:11]} Nf6
{[%clk 1:31:23]} 3. Nxe5 {[%clk 1:31:28]} d6 {[%clk 1:31:48]} 4. Nf3
{[%clk 1:31:50]} Nxe4 {[%clk 1:32:14]} 5. Nc3 {[%clk 1:32:02]} Nxc3
{[%clk 1:32:30]} 6. dxc3 {[%clk 1:32:29]} Be7 {[%clk 1:32:52]} 7. Be3
{[%clk 1:32:28]} O-O {[%clk 1:32:44]} 8. Qd2 {[%clk 1:32:49]} Nd7
{[%clk 1:33:08]} 9. O-O-O {[%clk 1:32:45]} Nf6 {[%clk 1:33:33]} 10. Bd3
{[%clk 1:31:11]} c5 {[%clk 1:31:16]} 11. h4 {[%clk 1:19:28]} Qa5 {[%clk 1:24:38]}
12. Kb1 {[%clk 1:18:22]} b5 {[%clk 1:16:59]} 13. Ng5 {[%clk 0:50:54]} h6
{[%clk 1:05:06]} 14. Ne4 {[%clk 0:49:49]} Be6 {[%clk 1:03:56]} 15. a3
{[%clk 0:49:08]} Ng4 {[%clk 0:47:16]} 16. Bf4 {[%clk 0:45:20]} c4
{[%clk 0:42:27]} 17. Be2 {[%clk 0:42:40]} d5 {[%clk 0:40:01]} 18. Bxg4
{[%clk 0:39:47]} Bxg4 {[%clk 0:40:21]} 19. f3 {[%clk 0:40:07]} Be6
{[%clk 0:38:11]} 20. Ng3 {[%clk 0:38:16]} Qb6 {[%clk 0:32:53]} 21. Nh5
{[%clk 0:32:50]} b4 {[%clk 0:26:05]} 22. cxb4 {[%clk 0:29:52]} a5
{[%clk 0:25:38]} 23. b5 {[%clk 0:23:28]} Qxb5 {[%clk 0:24:08]} 24. Bxh6
{[%clk 0:08:17]} Bxa3 {[%clk 0:22:46]} 25. Bxg7 {[%clk 0:07:08]} d4
{[%clk 0:19:48]} 26. Bxd4 {[%clk 0:06:35]} Qxh5 {[%clk 0:19:23]} 27. Qg5+
{[%clk 0:06:21]} Qxg5 {[%clk 0:18:31]} 28. hxg5 {[%clk 0:06:49]} f6
{[%clk 0:18:59]} 29. bxa3 {[%clk 0:06:19]} fxg5 {[%clk 0:18:49]} 30. Rh6
{[%clk 0:05:49]} Rab8+ {[%clk 0:18:19]} 31. Kc1 {[%clk 0:05:48]} Bf5
{[%clk 0:18:15]} 32. Bc3 {[%clk 0:04:03]} Rb5 {[%clk 0:17:12]} 33. Rdd6
{[%clk 0:03:51]} Re8 {[%clk 0:16:51]} 34. Rh8+ {[%clk 0:03:18]} Kf7
{[%clk 0:17:16]} 35. Rxe8 {[%clk 0:03:34]} Kxe8 {[%clk 0:17:45]} 36. Ra6
{[%clk 0:04:01]} g4 {[%clk 0:16:59]} 37. fxg4 {[%clk 0:03:50]} Bxg4
{[%clk 0:16:05]} 38. Rc6 {[%clk 0:03:25]} Rg5 {[%clk 0:15:11]} 39. Rxc4
{[%clk 0:03:32]} Be6 {[%clk 0:15:22]} 40. Re4 {[%clk 0:03:06]} Kd7
{[%clk 0:15:04]} 41. Re2 {[%clk 0:03:11]} Bd5 {[%clk 0:15:17]} 42. Bxa5
{[%clk 0:03:01]} Rxg2 {[%clk 0:15:27]} 43. Re3 {[%clk 0:03:19]} Be6
{[%clk 0:15:32]} 44. Bb4 {[%clk 0:03:24]} Bf5 {[%clk 0:15:47]} 45. Rc3
{[%clk 0:03:46]} Rxc2+ {[%clk 0:15:59]} 46. Rxc2 {[%clk 0:04:08]} Bxc2
{[%clk 0:16:26]} 47. Kxc2 {[%clk 0:04:33]} 1/2-1/2

[Event "EYCC 2024 - O16"]
[Site "?"]
[Date "2024.08.29"]
[Round "7.14"]
[White "Baghirov, Orkhan"]
[Black "Tsarsitalidis, Christos"]
[Result "1-0"]
[BlackElo "2210"]
[WhiteElo "1996"]
[LiveChessVersion "1.4.8"]

1. d4 {[%clk 1:30:39]} Nf6 {[%clk 1:30:49]} 2. c4 {[%clk 1:31:02]} e6
{[%clk 1:31:16]} 3. g3 {[%clk 1:31:25]} c5 {[%clk 1:31:40]} 4. d5
{[%clk 1:30:57]} exd5 {[%clk 1:31:52]} 5. cxd5 {[%clk 1:31:25]} d6
{[%clk 1:32:15]} 6. Bg2 {[%clk 1:31:50]} g6 {[%clk 1:32:39]} 7. Nc3
{[%clk 1:32:17]} Bg7 {[%clk 1:33:04]} 8. Nf3 {[%clk 1:32:44]} O-O
{[%clk 1:33:27]} 9. O-O {[%clk 1:33:10]} Re8 {[%clk 1:33:52]} 10. Bf4
{[%clk 1:33:30]} a6 {[%clk 1:33:53]} 11. a4 {[%clk 1:33:57]} Nh5 {[%clk 1:33:58]}
12. Bg5 {[%clk 1:34:17]} Qc7 {[%clk 1:34:22]} 13. Qd2 {[%clk 1:32:41]} Nd7
{[%clk 1:33:20]} 14. Rfc1 {[%clk 1:32:13]} Rb8 {[%clk 1:30:55]} 15. Be3
{[%clk 1:19:58]} Ne5 {[%clk 1:26:44]} 16. Nxe5 {[%clk 1:20:01]} Bxe5
{[%clk 1:27:09]} 17. Bf3 {[%clk 1:10:44]} Nf6 {[%clk 1:21:55]} 18. Bf4
{[%clk 1:10:16]} Qe7 {[%clk 1:10:18]} 19. a5 {[%clk 1:06:10]} b5 {[%clk 1:08:25]}
20. axb6 {[%clk 1:04:52]} Rxb6 {[%clk 1:08:47]} 21. Ra4 {[%clk 1:02:33]} Bd7
{[%clk 1:04:12]} 22. Bxe5 {[%clk 1:01:34]} Qxe5 {[%clk 1:03:59]} 23. Rc4
{[%clk 1:00:30]} Bb5 {[%clk 0:55:00]} 24. Nxb5 {[%clk 0:57:45]} axb5
{[%clk 0:54:50]} 25. R4c3 {[%clk 0:57:06]} Ra8 {[%clk 0:53:13]} 26. Re3
{[%clk 0:54:07]} Qf5 {[%clk 0:53:33]} 27. b4 {[%clk 0:46:45]} Nd7
{[%clk 0:46:55]} 28. Re7 {[%clk 0:43:17]} Ne5 {[%clk 0:45:23]} 29. bxc5
{[%clk 0:42:20]} dxc5 {[%clk 0:45:46]} 30. Rxc5 {[%clk 0:32:48]} Qxf3
{[%clk 0:29:46]} 31. Rxe5 Qf6 {[%clk 0:16:26]} 32. Re3 {[%clk 0:29:22]} b4
{[%clk 0:06:19]} 33. Rb3 {[%clk 0:28:37]} Qe5 34. Rc4 {[%clk 0:27:16]} Rab8
{[%clk 0:02:25]} 35. e4 {[%clk 0:26:42]} Qd6 {[%clk 0:01:52]} 36. Qd4
{[%clk 0:26:58]} Rb5 {[%clk 0:02:09]} 37. Rc6 {[%clk 0:27:05]} Qd7
{[%clk 0:02:24]} 38. Kg2 {[%clk 0:27:00]} h5 {[%clk 0:01:45]} 39. Ra6
{[%clk 0:23:25]} Qg4 {[%clk 0:01:19]} 40. h3 {[%clk 0:22:43]} Qd7
{[%clk 0:00:59]} 41. Ra7 {[%clk 0:22:33]} Qd6 {[%clk 0:00:54]} 42. Rf3
{[%clk 0:22:21]} Rf8 {[%clk 0:00:32]} 43. Rf6 {[%clk 0:22:41]} Qxf6
{[%clk 0:00:32]} 44. Qxf6 {[%clk 0:23:09]} b3 {[%clk 0:00:53]} 45. Qb2
{[%clk 0:23:34]} Rc8 {[%clk 0:01:04]} 46. Ra3 {[%clk 0:24:03]} Rcb8
{[%clk 0:01:26]} 47. Kf3 {[%clk 0:24:24]} Rb4 {[%clk 0:01:42]} 48. Kf4
{[%clk 0:24:50]} Kh7 {[%clk 0:01:39]} 49. Ra7 {[%clk 0:25:16]} Kg8
{[%clk 0:02:03]} 50. Kg5 {[%clk 0:25:34]} R4b7 {[%clk 0:01:51]} 51. Kh6
{[%clk 0:25:49]} Kf8 {[%clk 0:01:51]} 52. Qh8+ {[%clk 0:25:52]} Ke7
{[%clk 0:02:15]} 53. Qe5+ {[%clk 0:26:21]} Kd8 {[%clk 0:02:26]} 54. Qd6+
{[%clk 0:26:47]} Kc8 {[%clk 0:01:59]} 55. Qc6+ {[%clk 0:27:15]} 1-0